El libro de los valores

Gespeichert in:
Bibliographische Detailangaben
1. Verfasser: Villapalos, Gustavo (VerfasserIn)
Weitere Verfasser: López Quintás, Alfonso (autor)
Format: Buch
Sprache:Spanisch
Veröffentlicht: Barcelona Planeta 1998
Ausgabe:6a. ed
Schlagworte:
Tags: Tag hinzufügen
Keine Tags, Fügen Sie den ersten Tag hinzu!

MARC

LEADER 00000nam a2200000 a 4500
001 UCQ7752
003 CL-VaPUC
008 981113e19980000SP |||||||||||||||||spa|d
082 0 4 |a 121.8  |b VIL  |2 21 
100 0 |a Villapalos, Gustavo  |e author  |9 421554 
700 |a López Quintás, Alfonso  |e autor  |9 601373 
245 1 3 |a El libro de los valores 
250 |a 6a. ed 
300 |a 453 p 
942 |c BK 
945 |d 19981113 00:00:00  |a aarredon 
260 |a Barcelona  |b Planeta  |c 1998 
650 0 |a Solidaridad  |9 259208 
650 0 |a Autenticidad  |9 339453 
650 7 |a FIDELIDAD  |2 CL-VaPUC  |9 372664 
650 7 |a BONDAD  |2 CL-VaPUC  |9 317197 
650 0 |a Responsabilidad  |9 308399 
650 0 |a Libertad  |9 255686 
650 0 |a Amistad  |9 307341 
650 0 |a Paz  |9 259242 
650 0 |a Justicia   |9 255408 
650 0 |a Valores  |9 309628 
583 |a last modification  |c 19981113 00:00:00  |k Rodrigo Vera 
999 |c 277207  |d 277205 
952 |0 0  |1 0  |4 0  |6 121_800000000000000_VIL_1998  |7 0  |8 A  |9 315029  |a BIBTEO  |b BIBTEO  |d 2019-11-20  |i 2025345  |o 121.8 VIL 1998  |p 2025345  |r 2025-01-17  |w 2019-11-20  |y BK  |k ICR